Things That Will Die - Sudden Death - Statistics

General Stats
  • This quiz has been taken 53 times
  • The average score is 7 of 17
Answers on the Grid
Answers color-coded by a green-red scale on the quiz's grid according to % correct below.
Cucumber
Charlie Sheen
Sus Scrofa
New Zealand
Elephant
Jackal
Poland
Capsicum Annuum
Häagen-Dazs
Uluru
Willem Dafoe
Raspberry Crazy Ant
Turritopsis dohrnii
Equus Caballus
Axolotl
Esperanto
Tōxcatl
Cat
Sheep
Antimony
Android
Amyls
Havana
Shilling
Batman
Bart Simpson
Rory McIlroy
T-shirt
Chan Ho Park
Uganda
Halitosis
Pandion haliaetus
Regent's Park
Glass Sponge
Condor
 
Answer Stats
Answer % Correct
Sheep
75%
Cat
67%
Elephant
58%
Willem Dafoe
56%
Charlie Sheen
53%
Rory McIlroy
53%
Jackal
50%
Axolotl
47%
Condor
39%
Cucumber
39%
Raspberry Crazy Ant
33%
Equus Caballus
31%
Chan Ho Park
25%
Pandion haliaetus
19%
Sus Scrofa
17%
Capsicum Annuum
14%
Glass Sponge
14%
No matching quizzes found
Score Distribution
Percent of People with Each Score
Percentile by Number Answered
Your Score History
You have not taken this quiz